000 01326nam0a2200337 4500
001 RU\NLR\BIBL_A\011481219
005 20260406085115.0
010 _a9785418013231
_94000
021 _aRU
_b2017-63651
_94510
035 _a(RuMoRGB)009373029
035 _a(NLR Aleph) 011481219
090 _a11900723
_c11900723
100 _a20170929d2017 u y0rusy50 ca
101 0 _arus
102 _aRU
105 _aa|||zzzz000zy
200 1 _aРусский язык
_e1 класс
_f[М. С. Соловейчик, Н. С. Кузьменко]
210 _aСмоленск
_cАссоциация XXI век
_d2017
215 _a143, [4] с.
_cцв. ил., табл.
_d22
225 1 _aГармония
_iОбразовательная система
225 1 _aФГОС
300 _aАвт. указаны на обл.
606 _aРусский язык
_jУчебники для начальной школы
_91533567
_3RU\NLR\AUTH\66969347
686 _aШ141.2-921
_2rubbk
686 3 _aШ141.12 -922.1[1]
700 1 _8rus
_7ca
_aСоловейчик
_bМ. С.
_gМарина Сергеевна
_3RU\NLR\AUTH\7722168
_95227
701 1 _8rus
_7ca
_aКузьменко
_bН. С.
_gНадежда Сергеевна
_3RU\NLR\AUTH\7753932
_936864
942 _cBOOK
980 _aNBR